Statistics for Soccer Players by Picture #3

Click here to take the quiz!

General Stats

  • This quiz has been taken 478 times
  • The average score is 12 of 15

Answer Stats

Answer% Correct
Paul Pogba
97%
Ronaldinho
96%
Andrés Iniesta
95%
Marcelo
94%
Sergio Ramos
94%
Frank Lampard
85%
Marco Reus
84%
Petr Čech
84%
David Luiz
83%
Johan Cruyff
83%
Robin van Persie
76%
Mats Hummels
65%
Luís Figo
64%
Javier Zanetti
63%
Diego Forlán
60%

Score Distribution

Percentile by Number Answered

Percent of People with Each Score

Your Score History

You have not taken this quiz